| 000 | 00492nam a22001937a 4500 | ||
|---|---|---|---|
| 003 | OSt | ||
| 005 | 20240626110704.0 | ||
| 008 | 240626b |||||||| |||| 00| 0 eng d | ||
| 020 | _a0155074741 | ||
| 040 | _cMUST | ||
| 082 | _a370 BEL 2001 | ||
| 100 |
_aBelasco, Susan _917972 |
||
| 245 | _aA Harcourt Reader for College writters | ||
| 260 |
_aBoston _b: Earl McPeek |
||
| 300 |
_axvi,687p. _b: ill _c; 23cm |
||
| 504 | _aincludes index | ||
| 650 |
_aEducation _91404 |
||
| 942 |
_2ddc _cO_SHELF |
||
| 999 |
_c8892 _d8892 |
||